[Event "Oberliga Nord N 2122"]
[Site "Germany"]
[Date "2021.11.21"]
[Round "2.4"]
[White "Wolf, Christoph1111"]
[Black "Johannsen, Dennis"]
[Result "1/2-1/2"]
[WhiteElo "2215"]
[BlackElo "2119"]
[PlyCount "42"]
[EventDate "2021.10.31"]
[EventType "team-tourn"]
[EventRounds "9"]
[EventCountry "GER"]
[SourceTitle "EXT 2023"]
[Source "ChessBase"]
[SourceDate "2022.10.05"]
[SourceVersion "1"]
[SourceVersionDate "2022.10.05"]
[SourceQuality "1"]
[WhiteTeam "Schwerin"]
[BlackTeam "Johanneum Eppendorf"]
[WhiteTeamCountry "GER"]
[BlackTeamCountry "GER"]

1. e4 c6 2. d4 d5 3. e5 Bf5 4. c4 e6 5. Nc3 dxc4 6. Bxc4 Nd7 7. Nge2 Nb6 8. Bb3 Ne7 9. 0-0 Ned5 10. Ng3 Be7 11. Nxf5 exf5 12. a4 a5 13. Qf3 Qd7 14. Bd2 0-0 15. Rad1 g6 16. Rfe1 Rfd8 17. h3 Nc7 18. g4 Ne6 19. Be3 fxg4 20. hxg4 Nd5 21. Ne4 Ra6 1/2-1/2

[Event "Hamburg-chT Landesliga 1920"]
[Site "Hamburg"]
[Date "2021.08.21"]
[Round "8.14"]
[White "Johannsen, Dennis"]
[Black "Baberz, Alexander"]
[Result "1/2-1/2"]
[WhiteElo "2126"]
[BlackElo "1982"]
[PlyCount "49"]
[EventDate "2019.09.29"]
[EventType "team-tourn"]
[EventRounds "9"]
[EventCountry "GER"]
[SourceTitle "EXT 2023"]
[Source "ChessBase"]
[SourceDate "2022.10.05"]
[SourceVersion "1"]
[SourceVersionDate "2022.10.05"]
[SourceQuality "1"]
[WhiteTeam "Johanneum Eppendorf"]
[BlackTeam "Hamburger SK IV"]
[WhiteTeamCountry "GER"]
[BlackTeamCountry "GER"]

1. c4 Nf6 2. g3 e6 3. Bg2 d5 4. Nf3 c5 5. cxd5 exd5 6. d4 Nc6 7. 0-0 Qb6 8. dxc5 Bxc5 9. Nc3 Ne4 10. e3 Nxc3 11. bxc3 Be6 12. Ng5 Ne7 13. Nxe6 Qxe6 14. Rb1 b6 15. c4 Rd8 16. cxd5 Nxd5 17. Bb2 Nc3 18. Qxd8+ Kxd8 19. Bxc3 Ke7 20. Bxg7 Rc8 21. Rfd1 f6 22. Bh6 Rd8 23. Rxd8 Kxd8 24. Rd1+ Ke7 25. Rd5 1/2-1/2

[Event "Hamburg-chT Landesliga 1920"]
[Site "Hamburg"]
[Date "2019.11.24"]
[Round "3.4"]
[White "Lansky, Georg"]
[Black "Johannsen, Dennis"]
[Result "1/2-1/2"]
[WhiteElo "1965"]
[BlackElo "2121"]
[PlyCount "59"]
[EventDate "2019.09.29"]
[EventType "team-tourn"]
[EventRounds "9"]
[EventCountry "GER"]
[SourceTitle "EXT 2021"]
[Source "ChessBase"]
[SourceDate "2020.10.23"]
[SourceVersion "1"]
[SourceVersionDate "2020.10.23"]
[SourceQuality "1"]

1. e4 c6 2. Nc3 d5 3. Nf3 Bg4 4. h3 Bxf3 5. Qxf3 Nf6 6. exd5 cxd5 7. Bb5+ Nc6 8. d3 e6 9. 0-0 Be7 10. Ne2 0-0 11. Bxc6 bxc6 12. b3 Qc7 13. Bb2 Rfd8 14. Ng3 c5 15. Nh5 Nxh5 16. Qxh5 Qf4 17. Be5 Qd2 18. Qg4 Qg5 19. Qe2 Qg6 20. f4 Rac8 21. Rf3 Bf6 22. Raf1 Bxe5 23. fxe5 Rd7 24. Rf4 Rc6 25. Rg4 Qh6 26. Ra4 Rdc7 27. Rg4 Ra6 28. a4 Rac6 29. Rff4 g6 30. Rf1 1/2-1/2

[Event "Oberliga Nord N 1718"]
[Site "Germany"]
[Date "2017.12.10"]
[Round "4.7"]
[White "Johannsen, Dennis"]
[Black "Dietz, Juergen"]
[Result "0-1"]
[WhiteElo "2123"]
[BlackElo "2166"]
[PlyCount "76"]
[EventDate "2017.10.08"]
[EventType "team-tourn"]
[EventRounds "9"]
[EventCountry "GER"]
[SourceTitle "EXT 2019"]
[Source "ChessBase"]
[SourceDate "2018.10.10"]
[SourceVersion "1"]
[SourceVersionDate "2018.10.10"]
[SourceQuality "1"]
[WhiteTeam "Eppendorf Johanneum"]
[BlackTeam "Hamburg SF"]
[WhiteTeamCountry "GER"]
[BlackTeamCountry "GER"]

1. Nf3 f5 2. g3 Nf6 3. Bg2 d6 4. d4 g6 5. c3 Nc6 6. 0-0 Bg7 7. d5 Ne5 8. Nxe5 dxe5 9. Qb3 0-0 10. Rd1 Kh8 11. Na3 Rb8 12. Nc4 Ne8 13. a4 f4 14. e4 Nd6 15. f3 Bd7 16. Na3 g5 17. g4 h5 18. h3 Qe8 19. Nc4 hxg4 20. hxg4 Nxe4 21. Re1 Nc5 22. Qc2 Bxa4 23. Qb1 e4 24. fxe4 f3 25. Be3 Nb3 26. Rxa4 Qxa4 27. Bf1 Qd7 28. Bh3 b5 29. Na3 Nd2 30. Qd3 f2+ 31. Bxf2 Nf3+ 32. Kg2 Nxe1+ 33. Bxe1 Qd6 34. Nc2 e6 35. Ne3 Rbd8 36. Qxb5 Qf4 37. Qe2 Qxe4+ 38. Kg1 Rf3 0-1

[Event "Oberliga Nord N 1213"]
[Site "Germany"]
[Date "2013.01.13"]
[Round "5.7"]
[White "Johannsen, Dennis"]
[Black "Zeller, Joerg"]
[Result "0-1"]
[WhiteElo "2093"]
[BlackElo "2168"]
[PlyCount "96"]
[EventDate "2012.10.14"]
[EventType "team-tourn"]
[EventRounds "9"]
[EventCountry "GER"]
[SourceTitle "EXT 2015"]
[Source "ChessBase"]
[SourceDate "2014.11.20"]
[SourceVersion "1"]
[SourceVersionDate "2014.11.20"]
[SourceQuality "1"]
[WhiteTeam "Eppendorf"]
[BlackTeam "Schwarzenbek"]
[WhiteTeamCountry "GER"]
[BlackTeamCountry "GER"]

1. Nf3 Nf6 2. g3 d5 3. Bg2 c6 4. 0-0 g6 5. b3 Bg7 6. Bb2 0-0 7. c4 Nbd7 8. Qc2 Qa5 9. d3 dxc4 10. Qxc4 Qh5 11. Rd1 Nb6 12. Qc2 Bh3 13. Bh1 Rfe8 14. Nbd2 Rad8 15. Rac1 Bh6 16. Qc3 Nbd5 17. Qe5 Qxe5 18. Nxe5 Ne3 19. Re1 Nfg4 20. Ndc4 Nxe5 21. Nxe5 f6 22. Nc4 Nd5 23. f4 e5 24. Na5 exf4 25. Nxb7 fxg3 26. hxg3 Bxc1 27. Bxc1 Rd7 28. Nc5 Rde7 29. e4 Nc7 30. Bb2 Ne6 31. Na6 Rd7 32. Kh2 Bg4 33. Nb4 a5 34. Nxc6 Rxd3 35. Bxf6 Rd2+ 36. Kg1 Rxa2 37. e5 Rd2 38. Nxa5 h5 39. Be4 Kh7 40. Nc6 Nc5 41. Bg2 Ra8 42. Bg5 Rb2 43. Bd5 Be6 44. Bf3 Raa2 45. Bf6 Nd3 46. Rf1 Nf2 47. Rxf2 Rxf2 48. Nd4 Bh3 0-1

[Event "Hamburg St Pauli op-A"]
[Site "Hamburg"]
[Date "2011.07.17"]
[Round "9"]
[White "Johannsen, Dennis"]
[Black "Groetzbach, Julian"]
[Result "1/2-1/2"]
[WhiteElo "2083"]
[BlackElo "1884"]
[PlyCount "124"]
[EventDate "2011.07.09"]
[EventType "swiss"]
[EventRounds "9"]
[EventCountry "GER"]
[SourceTitle "CBM 143 Extra"]
[Source "ChessBase"]
[SourceDate "2011.08.29"]
[SourceVersion "1"]
[SourceVersionDate "2011.08.29"]
[SourceQuality "1"]

1. Nf3 d5 2. g3 Nf6 3. Bg2 c6 4. 0-0 Bf5 5. b3 h6 6. Bb2 e6 7. c4 Nbd7 8. d3 Be7 9. Nbd2 0-0 10. Re1 Bh7 11. e4 Nc5 12. Ne5 Bd6 13. Re3 Bxe5 14. Bxe5 d4 15. Bxf6 Qxf6 16. Rf3 Qe7 17. g4 f5 18. gxf5 exf5 19. exf5 Bxf5 20. Qf1 Rae8 21. b4 Na4 22. Nb3 Qd6 23. Rg3 Nc3 24. Bf3 g5 25. h4 g4 26. c5 Qf4 27. Qc1 Qxf3 28. Nxd4 Ne2+ 29. Nxe2 Qxe2 30. Qxh6 Qe6 31. Qg5+ Kf7 32. Rc1 Qf6 33. Qf4 Be6 34. Qxf6+ Kxf6 35. f3 Rg8 36. Kf2 gxf3 37. Rxf3+ Ke7 38. Re1 Kd7 39. a4 Bd5 40. Rxe8 Kxe8 41. Rf4 Ke7 42. Ke3 Rg3+ 43. Kd2 Rf3 44. Rg4 Kf6 45. Kc2 Ke5 46. d4+ Kf6 47. h5 Ke7 48. h6 Rh3 49. Rg6 Bf7 50. Rd6 Be6 51. b5 Rxh6 52. bxc6 bxc6 53. Kd2 Rh7 54. Kc3 Bd5 55. Rg6 Rh3+ 56. Kb4 Rh7 57. Ka5 Kf8 58. Ka6 Kf7 59. Rd6 Ke8 60. Rg6 Kd8 61. Rf6 Bc4+ 62. Ka5 Rh4 1/2-1/2

[Event "Hamburg St Pauli op-A"]
[Site "Hamburg"]
[Date "2010.07.17"]
[Round "8"]
[White "Meissner, Felix"]
[Black "Johannsen, Dennis"]
[Result "1-0"]
[WhiteElo "2168"]
[BlackElo "2061"]
[PlyCount "120"]
[EventDate "2010.07.10"]
[EventType "swiss"]
[EventRounds "9"]
[EventCountry "GER"]
[SourceTitle "EXT 2013"]
[Source "ChessBase"]
[SourceDate "2012.11.22"]
[SourceVersion "1"]
[SourceVersionDate "2012.11.22"]
[SourceQuality "1"]

1. e4 c6 2. d4 d5 3. e5 Bf5 4. Nc3 e6 5. g4 Bg6 6. Nge2 c5 7. h4 h5 8. Nf4 Bh7 9. g5 cxd4 10. Nb5 Bc5 11. Qxh5 g6 12. Qe2 Nc6 13. a4 a6 14. Nd3 Bf8 15. Na3 Nge7 16. Bh3 Rc8 17. Bd2 Na5 18. Bb4 Nf5 19. Bxf8 Kxf8 20. Bxf5 gxf5 21. Nf4 Qb6 22. b3 Ke7 23. h5 d3 24. Nxd3 f4 25. Qd2 Qd4 26. Qb4+ Qxb4+ 27. Nxb4 Be4 28. Rh4 Rcg8 29. 0-0-0 Rxg5 30. Rxf4 Rhxh5 31. Nd3 Bxd3 32. Rxd3 Rxe5 33. b4 Nc6 34. b5 Rh1+ 35. Kb2 axb5 36. axb5 Na5 37. Rc3 Kd6 38. Rxf7 Re4 39. Rcc7 Rb4+ 40. Ka2 Ra4 41. f4 e5 42. Rfd7+ Ke6 43. Re7+ Kf6 44. Rf7+ Kg6 45. fxe5 Re1 46. Rf6+ Kg5 47. Rg7+ Kh5 48. Rf8 Kh6 49. Rg3 Kh7 50. Rf7+ Kh6 51. Rf6+ Kh5 52. Rf8 Kh4 53. Rg7 Rxe5 54. Rf1 Rg5 55. Rh1+ Kg4 56. Rg1+ Kf4 57. R7xg5 Nc4 58. R5g3 Ne3 59. Kb3 Re4 60. Rg7 d4 1-0

[Event "Hamburg Koenigsspringer Elo op 5th"]
[Site "Hamburg"]
[Date "2007.05.20"]
[Round "7"]
[White "Schroeder, Kai Uwe"]
[Black "Johannsen, Dennis"]
[Result "1/2-1/2"]
[WhiteElo "1799"]
[BlackElo "2108"]
[PlyCount "60"]
[EventDate "2007.05.17"]
[EventType "swiss"]
[EventRounds "7"]
[EventCountry "GER"]
[SourceTitle "EXT 2009"]
[Source "ChessBase"]
[SourceDate "2008.11.26"]
[SourceVersion "1"]
[SourceVersionDate "2008.11.26"]
[SourceQuality "1"]

1. e4 c6 2. d4 d5 3. Nc3 dxe4 4. Nxe4 Bf5 5. Ng3 Bg6 6. h4 h6 7. f4 e6 8. Nf3 Be7 9. h5 Bh7 10. Bd3 Bxd3 11. Qxd3 Nf6 12. Bd2 Nbd7 13. Ne5 c5 14. dxc5 Bxc5 15. Nxd7 Qxd7 16. Qxd7+ Kxd7 17. Rd1 Ke7 18. Ke2 Rad8 19. Bc3 Nd5 20. Ne4 Nxc3+ 21. Nxc3 Bd4 22. Ne4 f5 23. c3 Bb6 24. Nf2 Kf6 25. Nd3 Rd5 26. Nb4 Rxd1 27. Rxd1 Rd8 28. Rxd8 Bxd8 29. Nd3 Bc7 30. Ke3 Bd6 1/2-1/2

[Event "Hamburg Koenigsspringer Elo op 5th"]
[Site "Hamburg"]
[Date "2007.05.17"]
[Round "1"]
[White "Johannsen, Dennis"]
[Black "Nixdorf, Andre"]
[Result "1-0"]
[WhiteElo "2108"]
[BlackElo "1977"]
[PlyCount "120"]
[EventDate "2007.05.17"]
[EventType "swiss"]
[EventRounds "7"]
[EventCountry "GER"]
[SourceTitle "EXT 2009"]
[Source "ChessBase"]
[SourceDate "2008.11.26"]
[SourceVersion "1"]
[SourceVersionDate "2008.11.26"]
[SourceQuality "1"]

1. Nf3 Nf6 2. c4 g6 3. g3 Bg7 4. Bg2 0-0 5. 0-0 d6 6. Nc3 e5 7. d3 Nc6 8. Rb1 a5 9. a3 Bd7 10. b4 axb4 11. axb4 Qc8 12. Re1 Bh3 13. Bh1 h6 14. b5 Ne7 15. Qb3 Nd7 16. Ba3 Be6 17. Rec1 Nf5 18. e3 Qd8 19. Na4 b6 20. Ne1 Rc8 21. Nc3 Nc5 22. Qd1 h5 23. Ra1 Nh6 24. Bxc5 dxc5 25. Bb7 Rb8 26. Ra7 h4 27. Qf3 hxg3 28. hxg3 Nf5 29. Rc2 Nd6 30. Bd5 Bf5 31. Rca2 Nc8 32. R7a3 Qg5 33. Be4 Bg4 34. Qg2 Be6 35. Nf3 Qd8 36. Ra8 Rxa8 37. Rxa8 Qd6 38. Ng5 Bd7 39. Bd5 Bh6 40. Nge4 Qe7 41. Bb7 Be6 42. Bxc8 Rxc8 43. Nd5 Qd8 44. Rxc8 Bxc8 45. Nef6+ Kg7 46. Qe4 Kh8 47. Qxe5 Bg7 48. Qe8+ Qxe8 49. Nxe8 Be5 50. Nexc7 Bf5 51. e4 Bg4 52. Kf1 f5 53. exf5 gxf5 54. Ne6 Kg8 55. Nxb6 Bd6 56. Na4 Kf7 57. Nexc5 f4 58. Ne4 Be5 59. gxf4 Bxf4 60. d4 Ke7 1-0

[Event "Hamburg Junge op"]
[Site "Hamburg"]
[Date "2005.10.08"]
[Round "8"]
[White "Johannsen, Dennis"]
[Black "Gottuk, Stefan"]
[Result "1/2-1/2"]
[WhiteElo "2099"]
[BlackElo "2280"]
[PlyCount "120"]
[EventDate "2005.10.01"]
[EventType "swiss"]
[EventRounds "9"]
[EventCountry "GER"]
[SourceTitle "CBM 108 Extra"]
[Source "ChessBase"]
[SourceDate "2005.11.04"]
[SourceVersion "1"]
[SourceVersionDate "2005.11.04"]
[SourceQuality "1"]

1. Nf3 d6 2. g3 g6 3. c4 Bg7 4. Nc3 e5 5. Bg2 Ne7 6. 0-0 0-0 7. d4 Nd7 8. Rb1 a5 9. a3 Nc6 10. e3 Qe7 11. Nd5 Qd8 12. b4 axb4 13. axb4 e4 14. Nd2 f5 15. Nb3 b6 16. Bb2 Nf6 17. Nxf6+ Bxf6 18. Qd2 Bd7 19. Ra1 Ne7 20. Rxa8 Qxa8 21. Ra1 Qb7 22. Qc1 Ra8 23. Qb1 Ra7 24. Bf1 Qa8 25. Rxa7 Qxa7 26. d5 Bxb2 27. Qxb2 Qa8 28. Qf6 Qf8 29. Qxf8+ Kxf8 30. b5 Kf7 31. Be2 Kf6 32. Kg2 Ng8 33. Kg1 Nh6 34. Kg2 Nf7 35. Nd2 Ne5 36. h4 h6 37. Kh2 Be8 38. Kg2 Nd7 39. Nb3 Ke5 40. Kf1 g5 41. hxg5 hxg5 42. Kg2 Nc5 43. Nxc5 bxc5 44. Kh2 Bd7 45. Kg2 f4 46. gxf4+ gxf4 47. Bd1 fxe3 48. fxe3 Bxb5 49. cxb5 Kxd5 50. Bc2 Ke5 51. Kf2 d5 52. Ke1 c4 53. Kd2 d4 54. exd4+ Kxd4 55. Ke2 c3 56. Kf2 Kc4 57. Ke3 Kxb5 58. Kxe4 Kc4 59. Ke3 c5 60. Ke2 Kd4 1/2-1/2

[Event "Kiel op-A 16th"]
[Site "Kiel"]
[Date "2003.07.30"]
[Round "7.22"]
[White "Johannsen, Dennis"]
[Black "Hielscher, Wulf"]
[Result "1-0"]
[WhiteElo "2100"]
[BlackElo "2153"]
[PlyCount "87"]
[EventDate "2003.07.??"]
[EventType "swiss"]
[EventRounds "9"]
[EventCountry "GER"]
[SourceTitle "CBM 095 Extra"]
[Source "ChessBase"]
[SourceDate "2003.09.04"]
[SourceVersion "1"]
[SourceVersionDate "2003.09.04"]
[SourceQuality "1"]

1. c4 e5 2. Nc3 d6 3. Nf3 Nc6 4. e3 g6 5. d4 Bg7 6. Be2 f5 7. dxe5 dxe5 8. Qxd8+ Nxd8 9. 0-0 Ne6 10. Rd1 e4 11. Ne1 Nf6 12. Nc2 0-0 13. b3 b6 14. Ba3 c5 15. Rd2 Bb7 16. Rad1 Rfd8 17. Bb2 Rxd2 18. Rxd2 Rd8 19. Rxd8+ Nxd8 20. Nb5 a5 21. Nca3 Nd7 22. Bxg7 Kxg7 23. g4 Kf6 24. gxf5 gxf5 25. Nb1 Ke5 26. N1c3 Nf6 27. Na4 Nd7 28. Kg2 Bc6 29. Nbc3 Nf7 30. Kg3 Nd6 31. Kh4 f4 32. Bg4 Nf5+ 33. Kg5 h6+ 34. Kg6 Bxa4 35. Bxf5 Nf8+ 36. Kxh6 Bxb3 37. axb3 Kxf5 38. Nd5 fxe3 39. fxe3 Kg4 40. Nxb6 Kh3 41. Kg5 Ne6+ 42. Kf5 Nd4+ 43. exd4 e3 44. Nd5 1-0

[Event "Kiel op-A 16th"]
[Site "Kiel"]
[Date "2003.07.26"]
[Round "2.13"]
[White "Glienke, Manfred"]
[Black "Johannsen, Dennis"]
[Result "1-0"]
[WhiteElo "2318"]
[BlackElo "2100"]
[PlyCount "166"]
[EventDate "2003.07.??"]
[EventType "swiss"]
[EventRounds "9"]
[EventCountry "GER"]
[SourceTitle "CBM 095 Extra"]
[Source "ChessBase"]
[SourceDate "2003.09.04"]
[SourceVersion "1"]
[SourceVersionDate "2003.09.04"]
[SourceQuality "1"]

1. d4 Nf6 2. Nf3 g6 3. Bf4 Bg7 4. e3 0-0 5. Be2 c5 6. 0-0 b6 7. a4 cxd4 8. exd4 d6 9. Re1 Qc7 10. h3 Bb7 11. a5 Rc8 12. a6 Bc6 13. c4 Qd8 14. Nc3 Ne4 15. Nd5 Bxd5 16. cxd5 Nf6 17. Qb3 Nbd7 18. Bb5 Rc7 19. Re2 h6 20. Bc6 Nh5 21. Be3 Rb8 22. Bb7 Kh7 23. Rae1 Bf8 24. Nd2 Nhf6 25. Nb1 Rcxb7 26. axb7 Qc7 27. Rc2 Qxb7 28. Rec1 Nxd5 29. Nc3 N7f6 30. Nxd5 Nxd5 31. Qb5 a6 32. Qc6 Qxc6 33. Rxc6 Kg7 34. Rc8 Rxc8 35. Rxc8 h5 36. Ra8 a5 37. Kf1 e6 38. Ke2 Be7 39. Bd2 Kf6 40. Kd3 e5 41. f3 Ke6 42. Rg8 exd4 43. b3 Bf6 44. g4 hxg4 45. hxg4 Be5 46. Re8+ Kd7 47. Rf8 Ke6 48. Rb8 Bf6 49. f4 Bh4 50. Re8+ Kd7 51. Re2 Bg3 52. Ke4 Nc3+ 53. Bxc3 dxc3 54. Re3 Bf2 55. Rxc3 Ke6 56. Rc7 d5+ 57. Kf3 Bc5 58. Rb7 Bd4 59. Ke2 Bc5 60. Kd3 Bg1 61. Rb8 Bc5 62. Re8+ Kd7 63. Re1 Kd6 64. Rf1 Ke6 65. f5+ gxf5 66. Rxf5 f6 67. Rf1 Ke5 68. Rf5+ Ke6 69. Rh5 Bg1 70. Rh1 Bc5 71. Re1+ Kd7 72. Ke2 Bb4 73. Rc1 Bc5 74. Rd1 Ke6 75. Kf3 Bd6 76. Re1+ Kd7 77. Ke3 Be5 78. Kd3 Kd6 79. Re2 Bf4 80. Re8 Be5 81. Rc8 Kd7 82. Rg8 Kd6 83. Rg6 Kc7 1-0

[Event "Kiel op 14th"]
[Site "Kiel"]
[Date "2001.08.18"]
[Round "2"]
[White "Kabisch, Thilo"]
[Black "Johannsen, Dennis"]
[Result "1-0"]
[WhiteElo "2290"]
[BlackElo "2126"]
[PlyCount "53"]
[EventDate "2001.08.18"]
[EventType "swiss"]
[EventRounds "9"]
[EventCountry "GER"]
[SourceTitle "EXT 2002"]
[Source "ChessBase"]
[SourceDate "2001.11.25"]
[SourceVersion "1"]
[SourceVersionDate "2001.11.25"]
[SourceQuality "1"]

1. e4 c6 2. c4 d5 3. exd5 cxd5 4. d4 Nf6 5. Nc3 Nc6 6. Bg5 e6 7. Nf3 Be7 8. c5 0-0 9. Bb5 h6 10. Bf4 Ne4 11. Rc1 Bd7 12. 0-0 a5 13. Na4 g5 14. Bg3 f5 15. Bxc6 Bxc6 16. Be5 Bxa4 17. Qxa4 g4 18. Ne1 Bg5 19. Nd3 Bxc1 20. Rxc1 Qe8 21. Qb3 Rf7 22. Nf4 Kh7 23. Rc2 Ra6 24. f3 Ng5 25. h4 gxh3 26. gxh3 Rf8 27. Qxb7+ 1-0

[Event "Dortmund Sparkassen op-A"]
[Site "Dortmund"]
[Date "2000.07.16"]
[Round "10"]
[White "Johannsen, Dennis"]
[Black "Ivannikov, Oleg"]
[Result "0-1"]
[WhiteElo "2118"]
[BlackElo "2102"]
[PlyCount "100"]
[EventDate "2000.07.07"]
[EventType "swiss"]
[EventRounds "10"]
[EventCountry "GER"]
[SourceTitle "EXT 2001"]
[Source "ChessBase"]
[SourceDate "2000.11.22"]
[SourceVersion "1"]
[SourceVersionDate "2000.11.22"]
[SourceQuality "1"]

1. Nf3 Nf6 2. g3 g6 3. Bg2 Bg7 4. c4 c5 5. d4 0-0 6. Nc3 cxd4 7. Nxd4 Nc6 8. 0-0 Nxd4 9. Qxd4 d6 10. e4 Be6 11. Bd2 Ng4 12. Qd3 Ne5 13. Qc2 Nxc4 14. Bg5 Rc8 15. Rac1 h6 16. Bf4 b5 17. Qe2 g5 18. Be3 Nxb2 19. Qxb2 Qa5 20. Qxb5 Bxc3 21. Qxa5 Bxa5 22. Bxa7 Bxa2 23. Be3 Bc4 24. Rfd1 Be2 25. Rxc8 Rxc8 26. Rb1 Rc2 27. Rb7 Bd2 28. Bxd2 Rxd2 29. h4 e6 30. hxg5 hxg5 31. f3 g4 32. f4 Kf8 33. Ra7 Bf3 34. Bxf3 gxf3 35. Ra3 Rg2+ 36. Kf1 Rxg3 37. Kf2 Rh3 38. Rxf3 Rxf3+ 39. Kxf3 Ke7 40. f5 exf5 41. exf5 Kf6 42. Ke4 d5+ 43. Kf4 d4 44. Ke4 d3 45. Kxd3 Kxf5 46. Ke3 Kg4 47. Kf2 Kf4 48. Kg2 Ke3 49. Kg1 f5 50. Kg2 f4 0-1

[Event "Dortmund Sparkassen op-A"]
[Site "Dortmund"]
[Date "2000.07.13"]
[Round "6"]
[White "Johannsen, Dennis"]
[Black "Rossen, Claus"]
[Result "0-1"]
[WhiteElo "2118"]
[BlackElo "2167"]
[PlyCount "66"]
[EventDate "2000.07.07"]
[EventType "swiss"]
[EventRounds "10"]
[EventCountry "GER"]
[SourceTitle "EXT 2001"]
[Source "ChessBase"]
[SourceDate "2000.11.22"]
[SourceVersion "1"]
[SourceVersionDate "2000.11.22"]
[SourceQuality "1"]

1. e4 c5 2. Nc3 Nc6 3. f4 g6 4. Nf3 Bg7 5. Bc4 e6 6. 0-0 Nge7 7. d3 d5 8. Bb3 0-0 9. Qe1 Nd4 10. f5 Nxb3 11. axb3 d4 12. Ne2 exf5 13. Qh4 Nc6 14. exf5 Qxh4 15. Nxh4 Bf6 16. Rf4 Nb4 17. Bd2 Nd5 18. Nf3 Nxf4 19. Nxf4 Bxf5 20. Nd5 Bd8 21. b4 b6 22. bxc5 bxc5 23. Ne5 Re8 24. Nc4 Bd7 25. Nd6 Re2 26. Ne4 f5 27. Kf1 Rxe4 28. dxe4 fxe4 29. Bf4 Bb5+ 30. Ke1 Bc4 31. Nc7 Bxc7 32. Bxc7 Rf8 33. Rxa7 Rf1+ 0-1

[Event "Dortmund Sparkassen op-A"]
[Site "Dortmund"]
[Date "2000.07.10"]
[Round "4"]
[White "Johannsen, Dennis"]
[Black "Diehl, Klaus"]
[Result "1-0"]
[WhiteElo "2118"]
[BlackElo "2108"]
[PlyCount "90"]
[EventDate "2000.07.07"]
[EventType "swiss"]
[EventRounds "10"]
[EventCountry "GER"]
[SourceTitle "EXT 2001"]
[Source "ChessBase"]
[SourceDate "2000.11.22"]
[SourceVersion "1"]
[SourceVersionDate "2000.11.22"]
[SourceQuality "1"]

1. b4 a5 2. b5 c5 3. Bb2 d5 4. d3 Nf6 5. Nd2 a4 6. e3 Nbd7 7. Ngf3 Qa5 8. Rb1 a3 9. Ba1 g6 10. Be2 Bg7 11. 0-0 0-0 12. c4 e6 13. Rb3 Qc7 14. Qc1 b6 15. Ne1 Bb7 16. f4 e5 17. cxd5 Nxd5 18. Nc4 exf4 19. Bxg7 Kxg7 20. e4 Ne3 21. Nxe3 fxe3 22. Nc2 Qe5 23. Nxa3 Qd4 24. Nc2 Qa4 25. Qb2+ Kg8 26. a3 Rae8 27. Rc3 Ne5 28. Kh1 c4 29. dxc4 Bxe4 30. Nxe3 Qa8 31. Rd1 Rd8 32. Rcc1 Rfe8 33. Rd2 Rxd2 34. Qxd2 Qxa3 35. Rf1 Qc5 36. Rf6 Kg7 37. Rd6 Bd3 38. Rd5 Qa3 39. Bxd3 Qa1+ 40. Nf1 Ng4 41. Be2 Qf6 42. h3 Nf2+ 43. Kg1 Re4 44. Nh2 Rf4 45. Ng4 Nxg4 1-0

[Event "Dortmund Sparkassen op-A"]
[Site "Dortmund"]
[Date "2000.07.08"]
[Round "2"]
[White "Johannsen, Dennis"]
[Black "Jansen, Josef"]
[Result "1/2-1/2"]
[WhiteElo "2118"]
[BlackElo "2275"]
[PlyCount "40"]
[EventDate "2000.07.07"]
[EventType "swiss"]
[EventRounds "10"]
[EventCountry "GER"]
[SourceTitle "EXT 2001"]
[Source "ChessBase"]
[SourceDate "2000.11.22"]
[SourceVersion "1"]
[SourceVersionDate "2000.11.22"]
[SourceQuality "1"]

1. Nf3 d6 2. c4 f5 3. d3 Nf6 4. Nc3 c6 5. d4 Qc7 6. Bf4 Nbd7 7. d5 a5 8. e3 e5 9. dxe6 Nc5 10. Nd4 Bxe6 11. Nxe6 Nxe6 12. Bg3 Nc5 13. Be2 Qf7 14. 0-0 Be7 15. Qc2 Qe6 16. h3 0-0 17. Rad1 Rad8 18. Bh2 Kh8 19. a3 g6 20. b3 h6 1/2-1/2

[Event "Dortmund Sparkassen op-A"]
[Site "Dortmund"]
[Date "2000.07.07"]
[Round "1"]
[White "Woller, Rainer"]
[Black "Johannsen, Dennis"]
[Result "1/2-1/2"]
[WhiteElo "2240"]
[BlackElo "2118"]
[PlyCount "34"]
[EventDate "2000.07.07"]
[EventType "swiss"]
[EventRounds "10"]
[EventCountry "GER"]
[SourceTitle "EXT 2001"]
[Source "ChessBase"]
[SourceDate "2000.11.22"]
[SourceVersion "1"]
[SourceVersionDate "2000.11.22"]
[SourceQuality "1"]

1. d4 Nf6 2. c4 g6 3. Nc3 d5 4. Nf3 Bg7 5. Bf4 0-0 6. Rc1 c5 7. dxc5 Qa5 8. cxd5 Ne4 9. Bd2 Nxd2 10. Qxd2 Qxc5 11. e4 Qb4 12. Bd3 Nd7 13. 0-0 Nb6 14. Qc2 Bg4 15. Nd2 Rac8 16. a3 Qd6 17. Qb3 Bh6 1/2-1/2